000
00294nam a22001337a 4500
020
_a
978-93-86479-48-8
041
_a
ENG
100
_a
Singh .R.S
245
_a
Intoduction to Plant Pathology
260
_a
Delhi
_b
Medtech
_c
2019
300
_a
406
650
_a
UPSC
856
_u
Competitive Exam
999
_c
151
_d
151